[Event "Mechanics' Peter Grey TNM; G/2 d5"]
[Site "San Francisco"]
[Date "2017.10.03"]
[Round "9.10"]
[White "Crofts, Jacob"]
[Black "Kondakov, Adrian"]
[Result "0-1"]
[WhiteElo "1692"]
[BlackElo "1924"]
[Annotator "Donaldson"]
[PlyCount "96"]
[EventDate "2017.??.??"]

1. b4 c6 2. Bb2 (2. e3 Qb6 3. a3 a5 4. b5 cxb5 (4... d5) 5. Nc3 b4 6. axb4 Qxb4
7. Ba3 {with fantastic compensation for the pawn.}) 2... Qb6 (2... a5 3. a3
axb4 4. axb4 Rxa1 5. Bxa1 Qb6 6. c3 d5 7. Nf3 Bf5 8. e3 e6 9. Be2 $4 Qa7 10.
Bb2 Qa2 {is a trap worth remembering.}) 3. a3 a5 4. c4 axb4 5. c5 Qc7 6. axb4
Rxa1 7. Bxa1 $11 Nf6 8. Nc3 d6 9. d4 Na6 10. Qa4 b5 11. Qa3 g6 12. e3 Qb7 13.
d5 Bd7 14. cxd6 cxd5 15. Qa5 Bg7 16. Nxb5 O-O 17. Bc3 Rb8 18. dxe7 Ne8 (18...
Bxb5 19. Bxb5 Nc7) 19. Bxg7 Kxg7 20. Nd6 Nxd6 21. Bxa6 Qxb4+ 22. Qxb4 Rxb4 23.
Ke2 Rb1 24. Kf3 Kf6 25. g3 Bc6 26. Bd3 Ra1 27. e8=Q Nxe8 28. Kg2 d4+ 29. e4 Nd6
30. f3 Rd1 31. Ba6 Nxe4 32. Be2 Rd2 33. Kf1 Nc3 34. Ke1 Ra2 35. Bd3 Ra1+ 36.
Kf2 Ra2+ 37. Ke1 Ba4 38. Kf1 Rd2 39. Ba6 Bc6 40. Bc4 Rd1+ 41. Kf2 Bb5 42. Bxb5
Nxb5 43. Kg2 d3 44. Nh3 Rxh1 45. Kxh1 d2 46. Nf2 Nc3 47. Kg2 d1=Q 48. Nxd1 Nxd1
0-1

[Event "Mechanics' Peter Grey TNM; G/2 d5"]
[Site "San Francisco"]
[Date "2017.09.05"]
[Round "5.22"]
[White "Crofts, Jacob"]
[Black "Marquez, Martin"]
[Result "1-0"]
[WhiteElo "1692"]
[BlackElo "1475"]
[PlyCount "67"]
[EventDate "2017.??.??"]

1. b4 d5 2. Bb2 Bf5 3. Nf3 Nf6 4. e3 e6 5. b5 Nbd7 6. c4 Nb6 7. cxd5 Nbxd5 8.
Nh4 Bg4 9. Be2 Bxe2 10. Qxe2 Nb4 11. d4 Ne4 12. Nf3 Nd5 13. a3 a6 14. O-O Bd6
15. Nbd2 Nec3 16. Bxc3 Nxc3 17. Qd3 Nxb5 18. Nc4 Be7 19. Na5 Nd6 20. Rab1 Rb8
21. Rfc1 c6 22. Nb3 O-O 23. Nc5 Qc7 24. Ne5 Rfd8 25. Qb3 Nb5 26. a4 Bxc5 27.
axb5 Bd6 28. bxc6 bxc6 29. Qa4 Bxe5 30. dxe5 Rxb1 31. Rxb1 Rb8 32. Rc1 Rb6 33.
Qa5 Rb1 $4 34. Rxb1 1-0

[Event "Mechanics' Fall TNM; G/2 d5"]
[Site "San Francisco"]
[Date "2017.12.12"]
[Round "8.11"]
[White "Crofts, Jacob"]
[Black "Maser, Thomas F"]
[Result "0-1"]
[WhiteElo "1714"]
[BlackElo "1945"]
[PlyCount "48"]
[EventDate "2017.??.??"]

1. b4 d5 2. Bb2 Nf6 3. Nf3 e6 4. b5 Bd6 5. e3 O-O 6. c4 c6 7. Be2 dxc4 8. bxc6
Nxc6 9. Bxc4 e5 10. Ng5 Bf5 11. Nxf7 Rxf7 12. Qb3 Qc7 13. d3 Kf8 14. Bxf7 Qxf7
15. Qxf7+ Kxf7 16. e4 Be6 17. Ba3 Nb4 18. Kd2 Rd8 19. Bxb4 Bxb4+ 20. Ke2 Rc8
21. Kd1 Bc5 22. f3 Bd4 23. Nc3 Rxc3 24. Rb1 b6 0-1

[Event "Mechanics' Summer TNM; G/2 d5"]
[Site "San Francisco"]
[Date "2017.07.18"]
[Round "8.16"]
[White "Crofts, Jacob"]
[Black "Melville, Cailen"]
[Result "1-0"]
[WhiteElo "1421"]
[BlackElo "1727"]
[PlyCount "67"]
[EventDate "2017.??.??"]

1. b4 e6 2. Bb2 f5 3. Nf3 Nf6 4. b5 g6 5. e3 Bg7 6. Bc4 d5 7. Bb3 Nbd7 8. d4 c5
9. bxc6 bxc6 10. O-O Ba6 11. Re1 Ne4 12. Nbd2 O-O 13. Rc1 Ndc5 14. Ne5 Bxe5 15.
dxe5 Qh4 16. Nxe4 Nxe4 17. g3 Qh3 18. Qf3 g5 19. Qg2 Qh5 20. f3 Nc5 21. Ba3
Nxb3 22. cxb3 Rfc8 23. Rc3 Bb7 24. Bd6 a5 25. a3 Rd8 26. Rb1 Ra6 27. Bc5 Ba8
28. b4 Rb8 29. Qe2 Bb7 30. bxa5 Rxa5 31. Bd6 Raa8 32. Bxb8 Rxb8 33. Rxc6 Qe8
34. Rcb6 1-0

[Event "Mechanics' Fall TNM; G/2 d5"]
[Site "San Francisco"]
[Date "2017.11.21"]
[Round "5.27"]
[White "Crofts, Jacob"]
[Black "Morgan, Jerry D"]
[Result "1-0"]
[WhiteElo "1714"]
[BlackElo "1484"]
[PlyCount "39"]
[EventDate "2017.??.??"]

1. Nf3 f5 2. d3 d6 3. e4 e5 4. exf5 Bxf5 5. Nc3 (5. d4) 5... Nf6 6. Be2 g6 7.
O-O Bg7 8. Nh4 Be6 9. f4 exf4 10. Bxf4 O-O 11. Qd2 Nd5 12. Bg5 Bd4+ 13. Kh1 Bf6
14. Bh6 Rf7 15. Nf3 Nc6 16. Ng5 Bxg5 17. Bxg5 Qd7 18. Ne4 Raf8 19. Rxf7 Rxf7
20. c4 1-0

[Event "Mechanics' Spring TNM; G/2"]
[Site "San Francisco"]
[Date "2017.04.11"]
[Round "5.25"]
[White "Crofts, Jacob"]
[Black "Poling, Scott"]
[Result "1-0"]
[WhiteElo "1380"]
[BlackElo "1868"]
[PlyCount "45"]
[EventDate "2017.??.??"]

1. b4 Nf6 2. Bb2 e6 3. b5 Be7 4. e3 O-O 5. Nf3 d5 6. c4 c6 7. Be2 Nbd7 8. O-O
dxc4 9. bxc6 Nb6 10. Ne5 bxc6 11. Nxc6 Qc7 12. Nxe7+ Qxe7 13. Ba3 Qc7 14. Bxf8
Kxf8 15. Nc3 Bb7 16. Bf3 Nfd5 17. Nxd5 Nxd5 18. Qc2 Rc8 19. Qxh7 Nf6 20. Qh3
Ne4 {Diagram [#]} 21. Bxe4 Bxe4 22. Qh8+ Ke7 23. Qh4+ 1-0

[Event "Mechanics' Fall TNM; G/2 d5"]
[Site "San Francisco"]
[Date "2017.11.28"]
[Round "6.16"]
[White "Crofts, Jacob"]
[Black "Rudyak, Felix"]
[Result "1/2-1/2"]
[WhiteElo "1714"]
[BlackElo "1964"]
[Annotator "Donaldson"]
[PlyCount "115"]
[EventDate "2017.??.??"]

1. b4 e5 2. Bb2 d6 3. e3 Nf6 4. c4 Be7 5. Nf3 O-O 6. Nc3 Bg4 7. Be2 Nbd7 8. O-O
e4 9. Nd4 Bxe2 10. Qxe2 Ne5 11. Nf5 Nd3 12. Nd5 $1 Nxb2 (12... Nxd5 13. Bxg7)
13. Ndxe7+ (13. Nfxe7+ Kh8 14. Rab1 Nd3 15. f3) 13... Kh8 14. Nd5 Nxd5 15. cxd5
Qg5 16. Nd4 Qxd5 17. f3 exf3 18. Rxf3 Rae8 19. Nb5 Re7 20. Rf4 Nd3 21. Rd4 Qxb5
22. Qxd3 Qxd3 23. Rxd3 Re4 24. a3 Rfe8 25. Rc1 R8e7 26. b5 Rd7 27. Rdc3 Ree7
28. Rc4 g6 29. Ra4 Re5 30. Rb4 Rd5 31. d4 Re7 32. Kf2 Rf5+ 33. Ke2 Rh5 34. h3
Rg5 35. Kf3 h5 36. g3 Rf5+ 37. Ke2 g5 38. g4 hxg4 39. hxg4 Rf4 40. d5 Kg7 41.
Rcc4 Rxc4 42. Rxc4 Kf6 43. Kf3 Rd7 44. Ra4 c6 45. dxc6 bxc6 46. bxc6 Rc7 47.
Ra6 Ke6 48. Ke4 d5+ 49. Kd4 Kd6 50. e4 dxe4 51. Kxe4 Ke6 52. Kd4 f6 $4 (52...
Kd6 $11) 53. Ke4 Kd6 54. Kf5 Ke7 {Diagram [#]} 55. Ke4 ({White has the more
active king and rook, but how can he make progress? The answer is to
reposition his rook.} 55. a4 $1 Kf7 56. Ra5 Ke7 57. Rc5 Kf7 58. Rc2 Ke7 59.
Re2+ Kf7 60. Re6) 55... Ke6 56. Kd4 Kd6 57. Ke4 Ke6 (57... Kc5) 58. a4 1/2-1/2

[Event "Mechanics' Summer TNM; G/2 d5"]
[Site "San Francisco"]
[Date "2017.06.20"]
[Round "5.32"]
[White "Crofts, Jacob"]
[Black "Sherwood, Peter"]
[Result "1-0"]
[WhiteElo "1421"]
[BlackElo "1663"]
[Annotator "Sherwood"]
[PlyCount "95"]
[EventDate "2017.??.??"]

1. b4 e5 2. Bb2 Bxb4 3. Bxe5 Nf6 4. Nf3 O-O 5. e3 d5 6. c4 Nc6 7. Bb2 Bg4 8.
cxd5 Nxd5 9. Be2 Be7 10. O-O Bf6 11. d4 Re8 12. Nbd2 Bf5 13. Rc1 Qd7 14. Qb3
Nb6 15. Bb5 Re6 16. Nc4 Qd5 17. Nxb6 Qxb3 18. axb3 axb6 19. Ba1 (19. d5 Bxb2
20. dxe6 Bxc1 21. exf7+ Kxf7 22. Rxc1 $11) 19... Be4 20. Nd2 Bd5 21. Rfe1 Rae8
22. Bc4 Bxc4 23. Rxc4 (23. bxc4 $2 Nxd4) 23... Rd8 24. Nf3 Rd7 25. Rec1 Ree7
26. Nd2 Kf8 27. Kf1 Ke8 28. R4c3 Kd8 29. Rb1 Nb4 30. Rcc1 Re6 31. Rc4 Nc6 32.
b4 b5 33. Rc5 Na7 34. d5 Red6 35. Bxf6+ Rxf6 36. Ra1 Ra6 37. Rxa6 bxa6 38. e4
Nc6 $4 (38... c6 39. Nf3 cxd5 40. exd5 {allows Black to play on}) 39. Rxc6 Rd6
40. Rxd6+ cxd6 41. Ke2 Kc7 42. f4 Kb6 43. Nb3 Kc7 44. Kd3 Kd7 45. Kd4 f6 46. e5
fxe5+ 47. fxe5 dxe5+ 48. Kxe5 {and White won in a few more moves} 1-0

[Event "Mechanics' Summer TNM; G/2 d5"]
[Site "San Francisco"]
[Date "2017.06.06"]
[Round "3.29"]
[White "Crofts, Jacob"]
[Black "Smith III, Robert"]
[Result "0-1"]
[WhiteElo "1421"]
[BlackElo "1744"]
[PlyCount "46"]
[EventDate "2017.??.??"]

1. b4 a5 2. b5 b6 3. Bb2 Bb7 4. e3 d6 5. Nf3 Nf6 6. d4 Nbd7 7. c4 g6 8. Nbd2
Bg7 9. Be2 O-O 10. O-O Ne4 11. Qc2 Nxd2 12. Nxd2 e5 13. d5 Qe7 14. Rae1 Rae8
15. f4 exf4 16. Bxg7 Qxe3+ 17. Kh1 Kxg7 18. Nf3 Nc5 19. Bd3 Qxd3 20. Qb2+ Kg8
21. Qf6 Qxc4 22. Nh4 Qxd5 23. Rd1 Qe5 0-1

[Event "Mechanics' Winter TNM; G/2"]
[Site "San Francisco"]
[Date "2017.02.07"]
[Round "6.46"]
[White "Cunningham, Charles"]
[Black "Boldi, Nicholas"]
[Result "1-0"]
[WhiteElo "1421"]
[BlackElo "1202"]
[PlyCount "57"]
[EventDate "2017.??.??"]

1. e4 e6 2. d4 d5 3. exd5 exd5 4. Nf3 c5 5. dxc5 Bxc5 6. Bb5+ Nc6 7. O-O Nf6 8.
Ne5 Bd7 9. Nxd7 Qxd7 10. Qe2+ Be7 11. Nc3 O-O 12. a3 Nd4 13. Qd3 Nxb5 14. Nxb5
a6 15. Nd4 Rac8 16. c3 Qc7 17. Nf5 Bc5 18. Be3 Ng4 19. g3 Bxe3 20. Nxe3 Nxe3
21. Qxe3 Qc5 22. Qd3 Qc4 23. Rfd1 Qxd3 24. Rxd3 Rfd8 25. Rad1 h6 26. Rxd5 Rxd5
27. Rxd5 Kf8 28. Rd7 Ke8 29. Rxb7 {
and White later won. Remaining moves unavailable.} 1-0

[Event "Mechanics' Fall TNM; G/2 d5"]
[Site "San Francisco"]
[Date "2017.10.31"]
[Round "2.33"]
[White "Cunningham, Charles"]
[Black "Campers Jr, Willie"]
[Result "1/2-1/2"]
[WhiteElo "1381"]
[BlackElo "1628"]
[Annotator "Donaldson"]
[PlyCount "61"]
[EventDate "2017.??.??"]

1. e4 e6 2. d4 d5 3. e5 c5 4. Nf3 Nc6 5. Bb5 Qb6 6. Bxc6+ bxc6 7. O-O Ba6 8.
Re1 cxd4 9. Nxd4 c5 10. Nf3 Ne7 11. b3 Nf5 12. c3 Be7 13. g4 Nh4 14. Nxh4 Bxh4
15. g5 h6 16. Qg4 hxg5 17. Bxg5 Bxg5 18. Qxg5 Kd7 19. Re3 Rh6 20. Rg3 Rg6 21.
Qh5 Rxg3+ 22. hxg3 Rf8 23. Nd2 Bd3 24. Qg4 Bg6 25. Rd1 Qa5 26. Nc4 Qxc3 27.
Rxd5+ Kc7 28. Rxc5+ Kd8 29. Qd1+ Qd3 30. Qxd3+ (30. Qxd3+ Bxd3 31. Ra5 Bxc4 32.
bxc4 Kc7 33. Rxa7+ Kb6 34. Re7 Kc5 {White is better but not winning.}) 30...
Bxd3 31. Ra5 1/2-1/2

[Event "Mechanics' Winter TNM; G/2"]
[Site "San Francisco"]
[Date "2017.02.21"]
[Round "8.26"]
[White "Cunningham, Charles"]
[Black "Casares Jr., Nick"]
[Result "0-1"]
[WhiteElo "1421"]
[BlackElo "1600"]
[Annotator "Donaldson"]
[PlyCount "102"]
[EventDate "2017.??.??"]

1. e4 e5 2. Nf3 Nc6 3. d4 exd4 4. Nxd4 Bc5 5. Nxc6 bxc6 6. g3 Qf6 7. f4 d6 8.
Nc3 a5 9. Qf3 Ba7 10. Bd2 Nh6 11. h3 O-O 12. O-O-O Kh8 13. Bd3 Re8 14. g4 Ng8
15. g5 Qd4 16. e5 Bd7 $2 {Diagram [#]} 17. Bxh7 $1 g6 18. Bxg6 $2 (18. Bxg8 {
winning}) 18... fxg6 19. exd6 cxd6 20. h4 Qf2 21. Qd3 Bf5 {
The tables have turned.} 22. Qxd6 Qd4 (22... Rad8 $1) 23. Qxc6 Rac8 24. Qg2 (
24. Qb5) 24... Qf2 25. Qxf2 Bxf2 26. h5 gxh5 27. Rxh5+ Kg7 28. Rh2 Be3 29. Bxe3
Rxe3 30. Rd5 Ne7 31. Rxa5 Rd8 32. Re2 Rxe2 33. Nxe2 Bg4 34. Ra7 Kf8 35. Nc3 Nc6
36. Rc7 Nb4 37. b3 Bf5 38. Nb1 (38. Ne2 $1) 38... Nxa2+ 39. Kb2 Nb4 40. Na3 Nd5
41. Rc5 Ne3 42. Re5 Nd1+ 43. Kc1 Bg4 44. f5 Nf2 45. f6 Bh5 46. Re7 Bg6 47. Rg7
Bf5 48. g6 Rd1+ 49. Kb2 Rg1 50. Rf7+ Kg8 51. g7 $4 (51. Rg7+ $11) 51... Kxf7
0-1

[Event "Mechanics' Summer TNM; G/2 d5"]
[Site "San Francisco"]
[Date "2017.05.23"]
[Round "1.21"]
[White "Cunningham, Charles"]
[Black "Gray, William"]
[Result "0-1"]
[WhiteElo "1397"]
[BlackElo "1986"]
[PlyCount "22"]
[EventDate "2017.??.??"]

1. e4 c5 2. Nf3 d6 3. h3 Nf6 4. Nc3 g6 5. Bc4 Bg7 6. O-O Nc6 7. d4 cxd4 8. Nxd4
O-O 9. Nf3 Na5 10. Be2 Bd7 11. Nd4 Rc8 {
Black later won. Remaining moves unavailable.} 0-1

[Event "Mechanics' Fall TNM; G/2 d5"]
[Site "San Francisco"]
[Date "2017.11.28"]
[Round "6.41"]
[White "Cunningham, Charles"]
[Black "Greene, Sam"]
[Result "1-0"]
[WhiteElo "1381"]
[BlackElo "1625"]
[PlyCount "67"]
[EventDate "2017.??.??"]

1. e4 c5 2. Nf3 d6 3. h3 Nc6 4. Bc4 e6 5. O-O Nf6 6. Nc3 a6 7. a3 b5 8. Ba2 Be7
9. d4 cxd4 10. Nxd4 Qc7 11. Nf3 O-O 12. Bf4 Rd8 13. Qe2 Bb7 14. Rad1 Rac8 15.
e5 dxe5 16. Nxe5 Nxe5 17. Bxe5 Qc6 18. f3 Qb6+ 19. Kh1 Nd7 20. Bg3 Bxa3 21.
Nxb5 Qxb5 22. Qxb5 axb5 23. bxa3 Rxc2 24. Rf2 Rxf2 25. Bxf2 Kf8 26. Bb6 Ke8 27.
Bxd8 Kxd8 28. Bb1 h6 29. Bd3 Bc6 30. Rb1 Nf6 31. Bxb5 Bd5 32. a4 Kc7 33. a5 Ng8
34. Be8 1-0

[Event "Mechanics' Winter TNM; G/2"]
[Site "San Francisco"]
[Date "2017.02.14"]
[Round "7.40"]
[White "Cunningham, Charles"]
[Black "Marrus, Matthew"]
[Result "1-0"]
[WhiteElo "1421"]
[BlackElo "1264"]
[PlyCount "65"]
[EventDate "2017.??.??"]

1. e4 e5 2. Nf3 Nc6 3. d4 exd4 4. Nxd4 Nf6 5. Nxc6 bxc6 6. Nc3 Bc5 7. e5 Qe7 8.
f4 d5 9. h3 O-O 10. Qe2 Ne4 11. Nxe4 dxe4 12. g3 Bf5 13. Bd2 e3 14. Bxe3 Bxe3
15. Qxe3 Qb4+ 16. Kf2 Qxb2 17. Bd3 Bxd3 18. Qxd3 Rad8 19. Qe2 Qb6+ 20. Kf3 Qa5
21. Rhd1 Qc3+ 22. Kg4 Rde8 23. Rab1 Re6 $2 (23... f5+ $1) 24. Qd3 Rg6+ 25. Kf3
Qxd3+ 26. Rxd3 h5 27. Rb7 Re6 28. Rxc7 g5 29. Rdd7 g4+ 30. hxg4 hxg4+ 31. Kxg4
Rg6+ 32. Kf3 Kh8 33. Rxf7 1-0

[Event "Mechanics' Peter Grey TNM; G/2 d5"]
[Site "San Francisco"]
[Date "2017.09.26"]
[Round "8.29"]
[White "Cunningham, Charles"]
[Black "Mays, Jerry L"]
[Result "1-0"]
[WhiteElo "1377"]
[BlackElo "1741"]
[PlyCount "87"]
[EventDate "2017.??.??"]

1. e4 e5 2. Nf3 Nc6 3. Bb5 a6 4. Bxc6 dxc6 5. a3 Bd6 6. Nc3 Nf6 7. h3 O-O 8. d3
b5 9. O-O Re8 10. Ne2 Bd7 11. Ng3 Qc8 12. Bg5 Re6 13. Nf5 Ne8 14. N3h4 Rg6 15.
Nxg6 fxg6 16. Ne7+ Bxe7 17. Bxe7 Nd6 18. Qf3 Qe8 19. Bh4 Qe6 20. Bg3 Rf8 21.
Qe3 h5 22. Qa7 g5 23. f3 Ne8 24. Qc5 g4 25. hxg4 hxg4 26. fxg4 Rxf1+ 27. Rxf1
Qxg4 28. Qxe5 Qg6 29. Bh2 Bh3 30. Qg3 Qxg3 31. Bxg3 Bg4 32. d4 Nd6 33. Bxd6
cxd6 34. Rf4 Bd1 35. c3 Bb3 36. Kf1 c5 37. dxc5 dxc5 38. e5 a5 39. Ke2 Bd5 40.
g3 Bc4+ 41. Ke3 Bd5 42. g4 Bc4 43. a4 g5 44. Rf5 1-0

[Event "Mechanics' Winter TNM; G/2"]
[Site "San Francisco"]
[Date "2017.01.03"]
[Round "1.13"]
[White "Cunningham, Charles"]
[Black "Munkhchuluun, Tsegmed"]
[Result "0-1"]
[WhiteElo "1421"]
[BlackElo "2035"]
[PlyCount "70"]
[EventDate "2017.??.??"]

1. e4 e6 2. a3 d5 3. e5 c5 4. d4 Nc6 5. Bb5 Qa5+ 6. Nc3 cxd4 7. Qxd4 Bd7 8.
Bxc6 bxc6 9. Bd2 c5 10. Qf4 Qa6 11. Nge2 Ne7 12. O-O Ng6 13. Qg3 d4 14. Ne4
Qxe2 15. Rfe1 Qc4 16. Ng5 Qd5 17. c3 d3 18. c4 Qb7 19. Qxd3 Bc6 20. Qc3 Bxg2
21. f3 Nh4 22. Re4 Nxf3+ 23. Nxf3 Qxe4 24. Kxg2 Be7 25. Kf2 Rd8 26. Re1 Qf5 27.
Ke2 O-O 28. Rf1 Qe4+ 29. Be3 Rd7 30. Nd2 Qg4+ 31. Nf3 Rfd8 32. Rg1 Qe4 33. Ng5
Bxg5 34. Rxg5 Rd4 35. Qe1 Rxc4 0-1

[Event "Mechanics' Summer TNM; G/2 d5"]
[Site "San Francisco"]
[Date "2017.06.13"]
[Round "4.27"]
[White "Cunningham, Charles"]
[Black "Newey, Richard"]
[Result "0-1"]
[WhiteElo "1397"]
[BlackElo "1745"]
[PlyCount "90"]
[EventDate "2017.??.??"]

1. e4 c5 2. Nf3 d6 3. Bb5+ Nd7 4. O-O a6 5. Bc4 Ngf6 6. Nc3 b5 7. Bd5 Nxd5 8.
Nxd5 e6 9. Nf4 Bb7 10. d3 Be7 11. Nh5 O-O 12. Qe2 Nf6 13. Ng3 Qc7 14. h3 Rac8
15. Bf4 Nd7 16. Bg5 f6 17. Bd2 Ne5 18. Nxe5 dxe5 19. Qg4 Qd7 20. Qe2 c4 21. a3
cxd3 22. Qxd3 Qc6 23. c3 f5 24. f3 Rcd8 25. Qe2 f4 26. Nh1 Bc5+ 27. Nf2 Rd7 28.
Kh1 Qc7 29. Rad1 Rfd8 30. Bc1 Bc6 31. Rxd7 Rxd7 32. Nd3 Be7 33. b4 Bb7 34. Bb2
Qc4 35. Rd1 Bf6 36. Qc2 Bxe4 37. fxe4 Qxe4 38. Qb3 Rxd3 39. Qxe6+ Kf8 40. Rxd3
Qxd3 41. Qc8+ Kf7 42. Qb7+ Kg6 43. Qf3 Qb1+ 44. Kh2 Qxb2 45. Qg4+ Kh6 0-1

[Event "Mechanics' Fall TNM; G/2 d5"]
[Site "San Francisco"]
[Date "2017.12.12"]
[Round "8.40"]
[White "Cunningham, Charles"]
[Black "Regzedmaa, Ganhuya"]
[Result "1-0"]
[WhiteElo "1381"]
[BlackElo "1536"]
[PlyCount "55"]
[EventDate "2017.??.??"]

1. e4 c6 2. Nf3 e6 3. a3 d6 4. Nc3 Nd7 5. d4 Be7 6. Bd3 h6 7. O-O Ngf6 8. h3 a6
9. e5 Nd5 10. Nxd5 cxd5 11. Re1 dxe5 12. Nxe5 Bg5 13. Nxf7 Kxf7 14. Qh5+ Ke7
15. Bxg5+ hxg5 16. Qxg5+ Nf6 17. Qxg7+ Kd6 18. Qg3+ Kc6 19. Qf3 b5 20. c4 bxc4
21. Bxc4 Rf8 22. Rac1 Kd6 23. Qg3+ Ke7 24. Bd3 Ra7 25. b4 Rg8 26. Qe5 Qd7 27.
Rc5 Kf7 28. Rec1 1-0

[Event "Mechanics' Winter TNM; G/2"]
[Site "San Francisco"]
[Date "2017.01.17"]
[Round "3.40"]
[White "Cunningham, Charles"]
[Black "Sherwood, Peter"]
[Result "0-1"]
[WhiteElo "1421"]
[BlackElo "1703"]
[Annotator "Sherwood"]
[PlyCount "80"]
[EventDate "2017.??.??"]

1. e4 e6 2. e5 d5 3. d4 c5 4. Bb5+ Bd7 5. Bxd7+ Qxd7 6. dxc5 Bxc5 7. Qg4 f6 8.
exf6 Nxf6 9. Qe2 Nc6 10. Nf3 O-O 11. O-O Rae8 12. Nc3 e5 13. Bg5 e4 14. Bxf6
exf3 15. Qxf3 Rxf6 16. Qd3 Ne5 17. Qd1 Rd8 18. Qe2 Ng4 19. Nxd5 Qxd5 (19...
Rxf2 $142 20. Rxf2 Nxf2 21. b4 Bd4 22. c3 Qxd5 23. cxd4 Qxd4 24. Rf1 Ne4+ $19)
20. Rad1 Rxf2 (20... Bxf2+ $142 $1 21. Kh1 Qxd1 $1 22. Rxd1 Rxd1+ 23. Qxd1 Bd4
$1 24. Qe1 Nf2+ 25. Kg1 Ne4+ 26. Kh1 Ng3+ 27. hxg3 Rh6#) 21. Rxd5 Rxe2+ 22.
Rxc5 Red2 23. h3 Ne3 24. Rf2 Rxf2 25. Kxf2 Nd5 26. a3 Nf6 27. Kf3 Kf7 28. g4
Ke6 29. g5 Nd5 30. c4 Ne7 31. Ke4 Kd6 32. b4 Rc8 (32... b6 33. Re5) 33. Rxc8
Nxc8 34. c5+ Ke6 35. a4 Ne7 36. h4 Nd5 37. h5 Nxb4 38. h6 g6 39. a5 a6 40. Kd4
Nc6+ 0-1

[Event "Mechanics' Peter Grey TNM; G/2 d5"]
[Site "San Francisco"]
[Date "2017.08.15"]
[Round "2.30"]
[White "Cunningham, Charles"]
[Black "Starr, Albert"]
[Result "0-1"]
[WhiteElo "1377"]
[BlackElo "1570"]
[PlyCount "36"]
[EventDate "2017.??.??"]

1. e4 e5 2. Nf3 Nf6 3. Nc3 Bb4 4. Nxe5 Qe7 5. d4 d6 6. Bb5+ c6 7. Nxf7 Qxf7 8.
Bd3 O-O 9. Bd2 Bxc3 10. Bxc3 Nxe4 11. f3 Nxc3 12. bxc3 Bf5 13. Be2 Nd7 14. O-O
Nb6 15. Qc1 Rae8 16. Bd3 Bxd3 17. cxd3 Re2 18. a4 Qg6 0-1

[Event "Mechanics' Summer TNM; G/2 d5"]
[Site "San Francisco"]
[Date "2017.06.27"]
[Round "6.34"]
[White "Cunningham, Charles"]
[Black "Stolpe, Samuel"]
[Result "0-1"]
[WhiteElo "1397"]
[BlackElo "1633"]
[PlyCount "90"]
[EventDate "2017.??.??"]

1. e4 e6 2. e5 d5 3. d4 c5 4. Bb5+ Bd7 5. Bxd7+ Qxd7 6. c3 Nc6 7. Be3 cxd4 8.
cxd4 Bb4+ 9. Nc3 Bxc3+ 10. bxc3 Rc8 11. Ne2 Na5 12. O-O Ne7 13. Qd3 O-O 14. Ng3
Rc7 15. f4 Rfc8 16. Bd2 Nc4 17. Be1 g6 18. Ne2 Nf5 19. Rf3 h5 20. Ng3 Nxg3 21.
Bxg3 Qe7 22. h3 Qa3 23. Qc2 Qb2 24. Rc1 Qxc2 25. Rxc2 Na3 26. Rc1 Rc4 27. Bh4
b5 28. Be7 b4 29. Bxb4 Rxb4 30. cxb4 Rxc1+ 31. Kh2 Nc4 32. a4 Ra1 33. a5 Rb1
34. g4 hxg4 35. hxg4 Rb2+ 36. Kg3 Rxb4 37. a6 Ra4 38. f5 gxf5 39. gxf5 Ra3 40.
Rxa3 Nxa3 41. f6 Nc2 42. Kf3 Nxd4+ 43. Ke3 Nc6 44. Kd3 Nxe5+ 45. Kd4 Nd7 0-1

[Event "Mechanics' Fall TNM; G/2 d5"]
[Site "San Francisco"]
[Date "2017.11.14"]
[Round "4.14"]
[White "Davila, Carlos"]
[Black "Babayan, Gagik"]
[Result "1-0"]
[WhiteElo "2131"]
[BlackElo "1769"]
[PlyCount "29"]
[EventDate "2017.??.??"]

1. e4 c5 2. Nf3 d6 3. d4 cxd4 4. Nxd4 Nf6 5. Nc3 a6 6. f4 e5 7. Nf3 Qc7 8. Bd3
Be7 9. f5 Bd7 10. g4 Nc6 11. g5 Ng8 12. Nd5 Qd8 13. Be3 Nd4 14. Nxd4 exd4 15.
Bxd4 {White won a few moves later.} 1-0

[Event "Mechanics' Summer TNM; G/2 d5"]
[Site "San Francisco"]
[Date "2017.07.18"]
[Round "8.8"]
[White "Davila, Carlos"]
[Black "Porlares, Teodoro"]
[Result "1-0"]
[WhiteElo "2176"]
[BlackElo "1941"]
[PlyCount "23"]
[EventDate "2017.??.??"]

1. e4 c6 2. d4 d5 3. f3 dxe4 4. fxe4 e5 5. Nf3 exd4 6. Bc4 Be6 7. Bxe6 fxe6 8.
O-O Bc5 9. Ng5 $1 d3+ 10. Kh1 dxc2 11. Qxc2 Qd4 12. Nxe6 1-0

[Event "Mechanics' Summer TNM; G/2 d5"]
[Site "San Francisco"]
[Date "2017.06.06"]
[Round "3.42"]
[White "Davila, Carlos"]
[Black "Reed, Nicholas"]
[Result "1-0"]
[WhiteElo "2176"]
[BlackElo "1216"]
[PlyCount "35"]
[EventDate "2017.??.??"]

1. e4 e5 2. Nf3 Nc6 3. Bb5 a6 4. Ba4 d6 5. O-O Bd7 6. d4 Nxd4 7. Bxd7+ Qxd7 8.
Nxd4 exd4 9. Qxd4 c5 10. Qd1 Nf6 11. Re1 Qe7 12. Nc3 g6 13. Bf4 O-O-O 14. b4
Bg7 15. b5 Nd7 16. Nd5 Qe8 17. bxa6 Bxa1 18. a7 1-0

[Event "Mechanics' Summer TNM; G/2 d5"]
[Site "San Francisco"]
[Date "2017.05.23"]
[Round "1.9"]
[White "Davila, Carlos"]
[Black "Sachs-Weintraub, Julian"]
[Result "0-1"]
[WhiteElo "2176"]
[BlackElo "1516"]
[PlyCount "40"]
[EventDate "2017.??.??"]

1. e4 c5 2. Nf3 Nc6 3. d4 cxd4 4. Nxd4 e5 5. Nb5 Qa5+ 6. N1c3 Nf6 7. Bc4 Nxe4
8. Bxf7+ Ke7 9. Bc4 Nxc3 10. bxc3 a6 11. Qd5 h6 12. Ba3+ Kd8 13. Bxf8 Rxf8 14.
O-O axb5 15. Bxb5 Qxc3 16. Rae1 Qd4 17. Bxc6 bxc6 18. Qb3 Ba6 19. Qg3 Kc7 20.
Rd1 Qf4 0-1

[Event "Mechanics' Fall TNM; G/2 d5"]
[Site "San Francisco"]
[Date "2017.10.24"]
[Round "1.11"]
[White "Davila, Carlos"]
[Black "Touset, Stephen Ka"]
[Result "1-0"]
[WhiteElo "2131"]
[BlackElo "1566"]
[Annotator "Donaldson"]
[PlyCount "61"]
[EventDate "2017.??.??"]

1. e4 d6 2. d4 Nf6 3. Nc3 e5 4. dxe5 dxe5 5. Qxd8+ Kxd8 6. Bg5 Bd6 7. Nd5 Nbd7
8. O-O-O h6 9. Bxf6+ Nxf6 10. Nxf6 gxf6 11. Ne2 Be6 12. Nc3 Ke7 13. Be2 a6 14.
g3 b5 15. a3 Rhb8 16. Nd5+ Bxd5 17. exd5 a5 18. Rhe1 a4 19. c3 Bc5 20. f4 Be3+
$2 (20... e4) 21. Kc2 exf4 {Diagram [#]} 22. d6+ $1 Kd7 (22... cxd6 23. Bf3)
23. Bg4+ Kd8 24. dxc7+ (24. gxf4 Bxf4 25. Re7) 24... Kxc7 25. Rd7+ Kb6 26. Rd6+
Ka5 27. Rxf6 Rd8 28. gxf4 Rd2+ 29. Kb1 Bf2 30. Re5 Rg8 31. Be2 1-0

[Event "Mechanics' Fall TNM; G/2 d5"]
[Site "San Francisco"]
[Date "2017.12.12"]
[Round "8.6"]
[White "Davila, Carlos"]
[Black "Tsodikova, Natalya"]
[Result "0-1"]
[WhiteElo "2131"]
[BlackElo "2202"]
[PlyCount "58"]
[EventDate "2017.??.??"]

1. e4 e5 2. Nf3 Nc6 3. Bb5 f5 4. Bxc6 dxc6 5. Nc3 Nf6 6. Qe2 Be7 7. d3 O-O 8.
h3 Qe8 9. Bd2 b5 10. exf5 Bxf5 11. Nxe5 Bd6 12. f4 Nh5 13. g4 Ng3 14. Qe3 Nxh1
15. O-O-O Bxe5 16. fxe5 Nf2 17. Rf1 Nxg4 18. hxg4 Bxg4 19. Rg1 h5 20. Qc5 Rd8
21. d4 Qf7 22. Be3 Qf3 23. Re1 a5 24. a3 Qg3 25. Bd2 Qf2 26. Ne4 Qxd4 27. Qxc6
Rf2 $1 28. Qc3 Qxe4 29. Kb1 Qc4 0-1